000 002440000a22000970004500
245 1 0 _aItinerario de la pasión
300 _aVol.48, núm.205 (1993), Pàginas 10-12
650 1 4 _aSEMANA SANTA
773 0 _tLa Biblia en las Américas
942 _cANA
999 _c62905
_d62905